Concubinage, race, and law in early colonial Bengal: Bequeathing intimacy, servicing the empire (Record no. 532852)

000 -LEADER
fixed length control field 00787nam a22001457a 4500
008 - FIXED-LENGTH DATA ELEMENTS--GENERAL INFORMATION
fixed length control field 260323b ||||| |||| 00| 0 eng d
100 ## - MAIN ENTRY--PERSONAL NAME
Personal name Banerjee, Swapna M.
245 ## - TITLE STATEMENT
Title Concubinage, race, and law in early colonial Bengal: Bequeathing intimacy, servicing the empire
260 ## - PUBLICATION, DISTRIBUTION, ETC. (IMPRINT)
Place of publication, distribution, etc The Indian Economic and Social History Review
300 ## - PHYSICAL DESCRIPTION
Extent 62(4), Oct-Dec, 2025: p.525-527
520 ## - SUMMARY, ETC.
Summary, etc Ruchika Sharma, (London and New York: Routledge, 2023), 208 pp.- Reproduced


https://journals.sagepub.com/doi/full/10.1177/00194646251370530?_gl=1*6grc8v*_up*MQ..*_ga*NjYzMzA2NDEyLjE3NzQyNTk1MTg.*_ga_60R758KFDG*czE3NzQyNTk1MTgkbzEkZzEkdDE3NzQyNTk1MzQkajQ0JGwwJGgzNzA1ODI3Mg..
773 ## - HOST ITEM ENTRY
Main entry heading The Indian Economic and Social History Review
906 ## - LOCAL DATA ELEMENT F, LDF (RLIN)
Subject DIP BOOK REVIEW
942 ## - ADDED ENTRY ELEMENTS (KOHA)
Item type Articles
Holdings
Withdrawn status Lost status Source of classification or shelving scheme Damaged status Not for loan Permanent location Current location Date acquired Serial Enumeration / chronology Barcode Date last seen Koha item type
          Indian Institute of Public Administration Indian Institute of Public Administration 2026-03-23 62(4), Oct-Dec, 2025: p.525-527 AR138371 2026-03-23 Articles

Powered by Koha